Toward understanding the social impact of computers (Record no. 341250)

000 -LEADER
fixed length control field 00352cam a22001217a 4500
008 - FIXED-LENGTH DATA ELEMENTS--GENERAL INFORMATION
fixed length control field 180718b1974 xxu||||| |||| 00| 0 eng d
082 ## - DEWEY DECIMAL CLASSIFICATION NUMBER
Classification number I5372 Am13
100 ## - MAIN ENTRY--PERSONAL NAME
Personal name Amara, Roy
245 ## - TITLE STATEMENT
Title Toward understanding the social impact of computers
Statement of responsibility, etc. by Roy Amara
260 ## - PUBLICATION, DISTRIBUTION, ETC.
Place of publication, distribution, etc. Menlo Park
Name of publisher, distributor, etc. Institute for the Future
Date of publication, distribution, etc. 1974
300 ## - PHYSICAL DESCRIPTION
Extent 136p.
650 ## - SUBJECT ADDED ENTRY--TOPICAL TERM
Topical term or geographic name entry element Computers
Holdings
Withdrawn status Lost status Damaged status Not for loan Permanent Location Current Location Date acquired Full call number Barcode Date last seen Price effective from Koha item type
        Indian Institute of Public Administration Indian Institute of Public Administration 1993-09-16 I5372 Am13 49410 2018-07-21 2018-07-21 Book

Powered by Koha